Datum a čas kvízu
36.5
Celkem bodů
Celkový počet nahraných bodů na tomto kvízu bez doplňovacích otázek.
4.
Pořadí na kvízu
Konečné umístění týmu na tomto kvízu.
Zaznamenané odpovědi
| # | Otázka | Odpověď | Body | Výsledky |
|---|---|---|---|---|
| 1. | Polistopadový ministr vnitra a... | 1 | ||
| 2. | Parlament jedné země v úterý z... | 1 | ||
| 3. | Televize Nova musela minulý tý... | 0 | ||
| 4. | Společnost Apple využije k vyl... | 1 | ||
| 5. | Fotbalisté jistého klubu vytvo... | 1 | ||
| 6. | Také se Vám někdy stane, že v... | 1 | ||
| 7. | Okrajový; mezní; podružný, ned... | 1 | ||
| 8. | Vzpomeňte si na jednu dříve ho... | 1 | ||
| 9. | Pojmenujte česky slovo bilater... | 1 | ||
| 10. | Kdo hledí pouze na prospěch, t... | 1 |